Sports Quiz

Random Sports or NHL Quiz

NHL Stats Leaders per Decade Quiz Stats

 Plays Quiz Updated Jan 10, 2016

Challenge
Share
Tweet
Embed
Score 0/154 Timer 15:00
1 Play Today
% Correct
Wayne Gretzky
97.1%
Wayne Gretzky
97.1%
Wayne Gretzky
97.1%
Wayne Gretzky
97.1%
Wayne Gretzky
97.1%
Wayne Gretzky
97.1%
Wayne Gretzky
97.1%
Wayne Gretzky
97.1%
Wayne Gretzky
97.1%
Wayne Gretzky
97.1%
Wayne Gretzky
97.1%
Wayne Gretzky
97.1%
Wayne Gretzky
97.1%
Bobby Orr
82.9%
Bobby Orr
82.9%
Bobby Orr
82.9%
Bobby Orr
82.9%
Bobby Orr
82.9%
Bobby Orr
82.9%
Bobby Orr
82.9%
Sidney Crosby
81.4%
Mario Lemieux
79.9%
Mario Lemieux
79.9%
Gordie Howe
79.6%
Gordie Howe
79.5%
Gordie Howe
79.5%
Gordie Howe
79.5%
Gordie Howe
79.5%
Gordie Howe
79.5%
Alex Ovechkin
79.1%
Alex Ovechkin
79.1%
Patrick Roy
75.4%
Patrick Roy
75.4%
Patrick Roy
75.4%
Bobby Hull
75.3%
Bobby Hull
75.3%
Bobby Hull
75.3%
Bobby Hull
75.3%
Bobby Hull
75.3%
Bobby Hull
75.3%
Brett Hull
75.3%
Brett Hull
75.3%
Martin Brodeur
73.8%
Martin Brodeur
73.8%
Martin Brodeur
73.8%
Maurice Richard
66.2%
Maurice Richard
66.2%
Phil Esposito
65.2%
Phil Esposito
65.2%
Phil Esposito
65.2%
Phil Esposito
65.2%
Phil Esposito
65.2%
% Correct
Tony Esposito
65.1%
Tony Esposito
65.1%
Dominik Hasek
63.6%
Dominik Hasek
63.6%
Paul Coffey
61.1%
Paul Coffey
61.1%
Nicklas Lidström
59.6%
Nicklas Lidström
59.6%
Nicklas Lidström
59.6%
Raymond Bourque
58.3%
Raymond Bourque
58.3%
Steve Yzerman
52.1%
Joe Thornton
52%
Joe Thornton
52%
Joe Thornton
52%
Mike Bossy
48.8%
Mike Bossy
48.8%
Ed Belfour
43.3%
Stan Mikita
43.2%
Jarome Iginla
42.5%
Tiger Williams
42.4%
Ken Dryden
40.9%
Ken Dryden
40.9%
Jacques Plante
39.7%
Jacques Plante
39.7%
Terry Sawchuk
39.4%
Terry Sawchuk
39.4%
Bobby Clarke
36.6%
Marcel Dionne
36.1%
Glenn Hall
31.2%
Glenn Hall
31.2%
Chris Osgood
29.5%
Howie Morenz
28.2%
Martin St. Louis
27.6%
Eddie Shore
26.9%
Eddie Shore
26.9%
Sergei Fedorov
25.2%
Ted Lindsay
24.4%
Mike Vernon
22.5%
Dave Schultz
22.2%
Paul Kariya
20.4%
Red Kelly
18.4%
Red Kelly
18.4%
Alex Delvecchio
18.3%
Johnny Bower
16.9%
Rob Ray
16.5%
Dickie Moore
16.3%
Turk Broda
15.9%
Syl Apps
15.8%
Mike Liut
15.4%
Mike Liut
15.4%
Tiny Thompson
15.1%
% Correct
Tiny Thompson
15.1%
Tiny Thompson
15.1%
Donald Brashear
15%
George Hainsworth
14.9%
George Hainsworth
14.9%
Charlie Conacher
14.7%
Pierre Pilote
14.5%
Niklas Backström
13%
Keith Tkachuk
12.9%
Newsy Lalonde
12.5%
Newsy Lalonde
12.5%
Rod Brind'Amour
11.5%
Doug Bentley
11.3%
Cy Denneny
11.1%
Cy Denneny
11.1%
Rogie Vachon
10.6%
Nels Stewart
10.3%
Nels Stewart
10.3%
Dave Kerr
10%
Rob Brown
9.4%
Bill Durnan
9.4%
Frank Brimsek
9.4%
Frank Boucher
8.6%
George Boucher
8.6%
George Boucher
8.6%
Jack Crawford
8%
Garry Unger
7.4%
Bill Cowley
6.8%
Bill Cowley
6.8%
Craig Simpson
6.4%
Roman Cechmanek
6.3%
Clint Benedict
5.6%
Frank Nighbor
5.5%
Derek Sanderson
5.3%
Cooney Weiland
4.9%
Andrew Brunette
4.7%
Alex Tanguay
4.3%
Alec Connell
4%
Charlie Gardiner
3.9%
Babe Pratt
3.7%
Herb Cain
3.2%
Red Horner
2.9%
Reg Noble
2.5%
Marty Barry
2.5%
Eric Nesterenko/Bob Pulford
2.2%
Harry Cameron
1.8%
Flash Hollett
1.7%
Reggie Fleming
1.5%
Murph Chamberlain
0.8%
Bill Sutherland
0.6%

You're not logged in!

Compare scores with friends on all Sporcle quizzes.
OR
Log In

You Might Also Like...

Show Comments

Extras

Top Quizzes Today


Score Distribution

Your Account Isn't Verified!

In order to create a playlist on Sporcle, you need to verify the email address you used during registration. Go to your Sporcle Settings to finish the process.

Report this User

Report this user for behavior that violates our Community Guidelines.

Details: